Law of torts : with law of statutory compensation and consumer protection (Record no. 280479)

MARC details
000 -LEADER
fixed length control field 00588nam a2200217Ia 4500
003 - CONTROL NUMBER IDENTIFIER
control field OSt
005 - DATE AND TIME OF LATEST TRANSACTION
control field 20240910151702.0
008 - FIXED-LENGTH DATA ELEMENTS--GENERAL INFORMATION
fixed length control field 240126s9999 xx 000 0 und d
020 ## - INTERNATIONAL STANDARD BOOK NUMBER
International Standard Book Number 9789350280256
040 ## - CATALOGING SOURCE
Transcribing agency 0
041 ## - LANGUAGE CODE
Language code of text/sound track or separate title English
082 ## - DEWEY DECIMAL CLASSIFICATION NUMBER
Classification number 346.03 GAN;1 R
100 ## - MAIN ENTRY--PERSONAL NAME
Personal name Gandhi, B M.
245 #0 - TITLE STATEMENT
Title Law of torts : with law of statutory compensation and consumer protection
250 ## - EDITION STATEMENT
Edition statement 4th ed.
260 ## - PUBLICATION, DISTRIBUTION, ETC.
Name of publisher, distributor, etc. Eastern Book Co
Place of publication, distribution, etc. Lucknow
300 ## - PHYSICAL DESCRIPTION
Extent lxxi, 523
440 ## - SERIES STATEMENT/ADDED ENTRY--TITLE
Title NULL
650 ## - SUBJECT ADDED ENTRY--TOPICAL TERM
Topical term or geographic name entry element Law,torts,law,statutory,compensation,consumer,protection
942 ## - ADDED ENTRY ELEMENTS (KOHA)
Koha item type Law Books
Source of classification or shelving scheme Dewey Decimal Classification
Holdings
Date last seen Total checkouts Full call number Accession number Volume/Issue Number Date last checked out Cost, total (INR) price Price effective from Category Lost status Source of classification or shelving scheme Damaged status Department Withdrawn status Home library Current library Shelving location Entry date Vendor Cost, normal purchase price Grants Billnumber Currency symbol Conversion rate Discount Old discount Total renewals
25/09/2025 2 346.03 GAN;1 R LL151 (03/07/1905) 17/09/2025 258.75 26/01/2024 Law Books   Dewey Decimal Classification   LAW   Law Library Central Library   20/02/2017 Puliani & Puliani 345.00 Law 8201/I RS 1 86.25 25  
17/09/2025 2 346.03 GAN;2 R1 LL152 (03/07/1905) 03/09/2025 258.75 26/01/2024 Law Books   Dewey Decimal Classification   LAW   Law Library Law Library   20/02/2017 Puliani & Puliani 345.00 Law 8201/I RS 1 86.25 25 2

© For any Suggestions or Query, please contact the library staff @ librarian@pes.edu or Phone: +9180 2672 1983/ 2108.